| 000 | 00401nam a2200133 a 4500 | ||
|---|---|---|---|
| 005 | 20140412111424.0 | ||
| 008 | 081008s19uu xx 00 eng d | ||
| 020 | _a971-93452-0-9 | ||
| 050 |
_aFil E _bSUB 2006 |
||
| 100 | _aSubijano, Kathleen V. | ||
| 245 |
_aMilo the Tripod Sea Turtle / _cKathleen V. Subijano. |
||
| 260 |
_aPhilippines : _bHighest vision publishing house, _c2006. |
||
| 999 |
_c106152 _d106152 |
||